00981pam a2200277 a 4500001000500000005001700005020002200022020002700044040001800071050002400089082001400113100002400127245008000151260003700231300003900268490003100307500003500338505000600373520019000379521001800569521001800587650002600605650002000631650002100651700003100672137020251202141905.0 a0679863745 (pbk.) a067996374X (lib. bdg.) aDLCcDLCdDLC00aPZ7.O81167bMi 199600a[Fic]2201 aOsborne, Mary Pope.10aMidnight on the moon /cby Mary Pope Osborne ; illustrated by Sal Murdocca. aNew York :bRandom House,c1996. a70 pages :billustrations ;c20 cm1 aMagic tree house ;vBook 8 a"A first stepping stone book." aJ aThe magic treehouse takes Jack and Annie to a moon base in the future where they continue to search for the fourth thing they need to free their friend Morgan from the magician's spell. a490 bLexile aJ bRaz-Plus 1aTime travelxFiction. 1aMagicxFiction. 1aScience fiction.1 aMurdocca, Saleillustrator